000 00648nam a2200241Ia 4500
003 OSt
005 20220918222842.0
006 a|||||r|||| 00| 0
007 ta
008 220917b |||||||| |||| 00| 0 eng d
024 _a218,631
037 _cTextual
040 _aARTS
_cARTS
_beng
041 _2eng
_aeng
082 _aR65,8x, N9
100 _aRamankutty P.V
_9144236
245 0 _aCurse as a motive in the Mahabharata
260 _aDelhi
_bNag pub.
_c1999
300 _axiii, 235p
_ccm.
650 _aBHAGAVAD GITA; ADVAITA PHILOSOPHY
942 _hR65,8x, N9
_cTEXL
_2CC
999 _c276658
_d276658